Vplyv finančnej krízy na zmeny v uplatňovaní medzinárodných štandardov finančného vykazovania.
Vstupom Slovenskej republiky do Európskej únie bolo nevyhnutné zavedenie medzinárodných noriem účtovania a vykazovania do veľkých podnikateľských subjektov. Veľké účtovné jednotky ako banky, poisťovne, správcovské spoločnosti mali povinnosť prijať princípy Medzinárodných účtovných štandardov IAS - I...
Gespeichert in:
| 1. Verfasser: | |
|---|---|
| Format: | Buchkapitel |
| Sprache: | Slowakisch |
| Schlagworte: | |
| Tags: |
Keine Tags, Fügen Sie das erste Tag hinzu!
|
MARC
| LEADER | 00000nla a2200000 4500 | ||
|---|---|---|---|
| 001 | 0160870 | ||
| 005 | 20240502072807.1 | ||
| 041 | 0 | |a slo | |
| 044 | |a SK | ||
| 245 | 1 | 0 | |a Vplyv finančnej krízy na zmeny v uplatňovaní medzinárodných štandardov finančného vykazovania. |c Mária Schwarzová |
| 520 | |a Vstupom Slovenskej republiky do Európskej únie bolo nevyhnutné zavedenie medzinárodných noriem účtovania a vykazovania do veľkých podnikateľských subjektov. Veľké účtovné jednotky ako banky, poisťovne, správcovské spoločnosti mali povinnosť prijať princípy Medzinárodných účtovných štandardov IAS - International Accounting Standards a Medzinárodných štandardov pre finančné vykazovanie IFRS - International Financial Reporting Standards. IAS a IFRS tvoria súhrn platných predpisov, postupov a odporúčaní vydávaných Radou pre medzinárodné účtovné štandardy so sídlom v Londýne. | ||
| 610 | 2 | 0 | |a výkazy finančné |
| 610 | 2 | 0 | |a štandardy účtovné medzinárodné |
| 610 | 2 | 0 | |a kríza finančná |
| 610 | 2 | 0 | |a harmonizácia |
| 610 | 2 | 0 | |a Slovensko |
| 610 | 2 | 0 | |a Európska únia |
| 100 | 1 | |a Schwarzová, Mária | |